| 000 | 00914 a2200217 4500 | ||
|---|---|---|---|
| 999 |
_c2020 _d2020 |
||
| 020 | _a9780273779919 | ||
| 020 | _a013350767X (hardcover) | ||
| 050 | 0 | 0 | _aHG4026.BER 2013 |
| 100 | 1 |
_aBerk, Jonathan B., _d1962- |
|
| 245 | 1 | 0 |
_aFundamentals of corporate finance / _cJonathan Berk, Peter DeMarzo, Jarrad Harford. |
| 250 | _a2nd ed | ||
| 264 | 1 |
_aBoston : _bPearson Education, _c2013 |
|
| 300 |
_axxviii, 756 pages : _billustrations (chiefly color) ; |
||
| 500 | _aIncludes bibliographical references and index. | ||
| 504 | _aIncludes bibliographical references and index. | ||
| 650 | 0 |
_aCorporations _xFinance. |
|
| 700 | 1 | _aDeMarzo, Peter M. | |
| 700 | 1 | _aHarford, Jarrad V. T. | |
| 942 |
_2lcc _cBK _e2nd ed _h4026 _iBER _kHG |
||